| 000 | 00286nam a2200109Ia 4500 | ||
|---|---|---|---|
| 008 | 220714s9999 xx 000 0 und d | ||
| 020 | _a0 86307 776 5 | ||
| 082 | _aJ Ref 920 GRE | ||
| 100 | _aNo author, editors only | ||
| 245 | 4 | _aThe Great Composer: Franz Schubert Vol 6 | |
| 942 |
_cBK _w561 _xJohn Tresidder _y561 _zJohn Tresidder |
||
| 999 |
_c726706 _d726705 |
||